| 000 | 01137nam a2200217Ia 4500 | ||
|---|---|---|---|
| 008 | 220216s9999 xx 000 0 und d | ||
| 100 | _aEsekhade T U | ||
| 245 | 0 | _aEfficacy and comparative cost of weed control methods in a mature rubber plantation in Nigeria | |
| 260 |
_bIndian Journal of Natural Rubber Research _c1996 |
||
| 300 | _a117-122 | ||
| 520 | _aThe efficacy of three weedicides viz., glufosinate ammonium, paraquat and glyphosate and a combination of paraquat and glyphosate was evaluated at the rates of 0.90, 1.80, 3.00 and 3.80 kg a.i. per ha in two different seasons for weed control in a mature rubber plantation in Nigeria. Manual weeding was included as control. Among the treatments, glufosinate ammonium at the lowest dose was the most cost effective. Considering the efficacy of weed control and the cost, glufosinate ammonium at 1.80 kg a.i. per ha also could be rated as effective. | ||
| 650 | _aHerbicides | ||
| 650 | _aHevea | ||
| 650 | _aNigeria | ||
| 650 | _aWeed control | ||
| 700 | _aAigbekaen E O | ||
| 700 | _aImarhiagbe E O | ||
| 700 | _aOjikepon F I | ||
| 700 | _aUgwa I K | ||
| 942 | _cJS | ||
| 999 |
_c58403 _d58403 |
||